PROJEK ladang jati

Bibliographic Details
Corporate Author: Kedah
Format: Book
Published: Alor Setar : Jabatan Perhutanan Negeri Kedah , 1994
Subjects:

MARC

LEADER 00000cam a2200000 7i4500
001 0000001266
005 20040225.0
090 0 0 |a JPSM634.956   |b PRO 1994 
245 0 0 |a PROJEK ladang jati 
260 0 0 |a Alor Setar :   |b Jabatan Perhutanan Negeri Kedah ,   |c 1994 
300 |a 20 p. :   |b col. ill. ;   |c 25 cm.. 
500 0 0 |a Bibliography : [p.106] 
650 0 0 |a Timber   |z Kedah 
710 1 1 |a Kedah ,   |c Jabatan Perhutanan Negeri 
998 |a JPSM 
999 |a 0000002167   |b Monograph   |c Food and Agriculture Organization   |e Default branch 
999 |a 0000003146   |b Monograph   |c Open Shelf   |e Default branch 
999 |a 0000003603   |b Monograph   |c Open Shelf   |e Default branch 
999 |a 0000003604   |b Monograph   |c Open Shelf   |e Default branch 
999 |a 0000005168   |b Monograph   |c Open Shelf   |e Default branch 
999 |a 0000005169   |b Monograph   |c Open Shelf   |e Default branch